| 000 | 01140nam a2200313Ia 4500 | ||
|---|---|---|---|
| 003 | OSt | ||
| 005 | 20221006160412.0 | ||
| 006 | a|||||r|||| 00| 0 | ||
| 007 | ta | ||
| 008 | 221006b |||||||| |||| 00| 0 eng d | ||
| 020 |
_a9780700710065 _c750.00 |
||
| 024 | _a45,143 | ||
| 037 |
_bGift, Japan Foundation _cTextual |
||
| 040 |
_aEASL _cEASL _beng |
||
| 041 |
_2eng _aeng |
||
| 082 | _aV49B.N9, N8 | ||
| 100 |
_aPape Wolfgang Ed. _9673312 |
||
| 245 | 0 |
_aEast Asia by the year 2000 and beyond _b Shaping factors - A study for the European Commission |
|
| 260 |
_aLondon _bRoutledge _c1998 |
||
| 300 |
_a284p. _ccm. |
||
| 490 |
_v Oth _aEnglish-language series of the Institute of Asian Affairs, Hamburg No. 1 |
||
| 650 |
_a ASEAN - Politics and economic development _9673313 |
||
| 650 |
_a China - Great power _9673314 |
||
| 650 |
_a Korea - Interrujpted Unification - Globalisation _9673315 |
||
| 650 |
_a Regional Heterogeneity - Impact of _9673316 |
||
| 650 |
_aPolitical Reforms - Japan _9673317 |
||
| 942 |
_hV49B.N9, N8 _cTEXL _2CC |
||
| 999 |
_c1113235 _d1113235 |
||